[Event "Tata Steel-A 84th"]
[Site "Wijk aan Zee"]
[Date "2022.01.22"]
[Round "7"]
[White "Praggnanandhaa, Rameshbabu"]
[Black "Carlsen, Magnus"]
[Result "0-1"]
[WhiteElo "2612"]
[BlackElo "2865"]
[PlyCount "68"]
[EventDate "2022.01.15"]
[EventType "tourn"]
[EventRounds "13"]
[EventCountry "NED"]
[EventCategory "20"]
[SourceTitle "CBM 206"]
[Source "ChessBase"]
[SourceDate "2022.02.28"]
[SourceVersion "1"]
[SourceVersionDate "2022.02.28"]
[SourceQuality "1"]

1. d4 d5 2. c4 e6 3. Nf3 dxc4 4. e3 a6 5. Bxc4 Nf6 6. O-O c5 7. b3 b6 8. Ba3 Nbd7 9. d5 exd5 10. Bxd5 Rb8 11. Bb2 Be7 12. Nc3 O-O 13. Qc2 b5 14. Rfd1 Qc7 15. a4 $146 ({RR} 15. Be4 Nb6 16. Bd3 Bg4 17. Ne4 Bxf3 18. gxf3 Nfd5 19. Ng3 g6 20. Be4 Rfd8 21. f4 Rbc8 22. a4 bxa4 23. Bxd5 Nxd5 24. Rxd5 Rxd5 25. Qc3 f6 26. Qc4 Qb7 27. e4 Qxb3 28. Qxd5+ Kf8 29. Qxb3 axb3 {Le,Q (2728)-Aronian,L (2759) chess24.com INT 2022 1-0 (57)}) 15... h6 16. axb5 axb5 17. Qe2 Qb6 18. e4 Re8 19. Qd2 Bf8 20. Qf4 b4 21. Na4 Nxd5 22. Rxd5 Qe6 23. Rad1 Ra8 24. Qc1 Qxe4 25. h3 Ra7 26. Qd2 Qg6 27. Nh4 Qe6 28. Nf5 c4 29. Qd4 Nf6 30. Nb6 c3 31. Nxc8 Qxd5 32. Qxd5 Nxd5 33. Nxa7 cxb2 34. Rb1 Re2 0-1

[Event "Tata Steel-A 84th"]
[Site "Wijk aan Zee"]
[Date "2022.01.23"]
[Round "8"]
[White "Shankland, Samuel L"]
[Black "Carlsen, Magnus"]
[Result "1/2-1/2"]
[WhiteElo "2708"]
[BlackElo "2865"]
[PlyCount "69"]
[EventDate "2022.01.15"]
[EventType "tourn"]
[EventRounds "13"]
[EventCountry "NED"]
[EventCategory "20"]
[SourceTitle "CBM 206"]
[Source "ChessBase"]
[SourceDate "2022.02.28"]
[SourceVersion "1"]
[SourceVersionDate "2022.02.28"]
[SourceQuality "1"]

1. d4 d5 2. c4 e6 3. Nc3 c5 4. cxd5 cxd4 5. Qa4+ Bd7 6. Qxd4 exd5 7. Qxd5 Nf6 8. Qb3 Na6 9. Nf3 Nc5 10. Qc2 Rc8 11. e3 Nce4 12. Bd3 Nxc3 13. bxc3 Nd5 14. O-O Nxc3 15. Bb2 Bb4 $146 ({RR} 15... Na4 16. Qe2 Nxb2 17. Qxb2 Qb6 18. Qe5+ Qe6 19. Rab1 b6 20. Rfc1 Rxc1+ 21. Rxc1 Qxe5 22. Nxe5 Bc5 23. Bc4 Be6 24. Bxe6 fxe6 25. Nd3 Kf7 26. Nxc5 bxc5 27. Rxc5 Rb8 28. g3 Kf6 29. Rc7 a5 30. Ra7 {Ismagilov,D (2173)-Tari,A (2636) chess.com INT 2025 1-0 (56)}) 16. Bxc3 Bxc3 17. Rab1 Bf6 18. Qe2 Rc7 19. e4 O-O 20. e5 Be7 21. Nd4 Bc5 22. e6 Bxe6 23. Nxe6 fxe6 24. Qxe6+ Kh8 25. Qh3 h6 26. Qg3 Rd7 27. Rb3 Rf6 28. h3 b6 29. Be2 Rd2 30. Rd3 Rxd3 31. Bxd3 Qd6 32. Qxd6 Rxd6 33. Rd1 g5 34. Kf1 Kg7 35. Bc2 1/2-1/2

[Event "Tata Steel-A 84th"]
[Site "Wijk aan Zee"]
[Date "2022.01.25"]
[Round "9"]
[White "Carlsen, Magnus"]
[Black "Mamedyarov, Shakhriyar"]
[Result "1-0"]
[WhiteElo "2865"]
[BlackElo "2767"]
[Annotator "Nielsen,Peter Heine"]
[PlyCount "53"]
[EventDate "2022.01.15"]
[EventType "tourn"]
[EventRounds "13"]
[EventCountry "NED"]
[EventCategory "20"]
[SourceTitle "CBM 206"]
[Source "ChessBase"]
[SourceDate "2022.02.28"]
[SourceVersion "1"]
[SourceVersionDate "2022.02.28"]
[SourceQuality "1"]

{[%evp 0,53,58,42,26,19,50,-24,-14,-55,-34,-40,-40,3,10,-24,11,-37,22,-75,3,-5,31,21,22,1,119,117,152,81,149,132,132,132,124,124,125,72,184,87,186,165,187,124,111,122,122,50,115,45,213,143,225,225,235,235]} 1. d4 Nf6 2. Nf3 d5 3. c4 e6 4. g3 dxc4 5. Bg2 Bb4+ 6. Bd2 a5 {Perhaps a sideline against the Catalan, but a respectable one used by Topalov in both his WC matches against Kramnik and Anand. For Magnus it was perhaps bad memories, as back in 2010, in Wijk Aan Zee, he lost with the white pieces against excatly Kramnik. Then he tried the rare 7 Nc3, while by now 7 Qc2 has been accepted as the main line.} 7. O-O O-O 8. e3 $6 {While 7 0-0 is still quite respectable, this is considered dubious, and when Mamedyarov at the closing ceremony praised Magnus for playing like a computer, he highligthed exactly 8 e3 as the exception! And, like versus Giri, this does indeed initiate a sequence where one can argue that who is objectively better is an open question, then from a practical perspective it is white who has the fun of attacking the opposing king!} Ra6 $5 {Numerous moves exist, but this one is praised by the computer and it is likely that Mamedyarov recalled it from his preparations. Black now keeps his extra pawn and secures the long diagonal,} 9. Qc2 b5 10. a4 c6 11. Nc3 Rb6 12. e4 {White threatens to play 13 e5 followed by 14 Ng5 provoking ...g6 which would severely weaken the dark squares around the black king. Mamedyarovs move thus is logical, but the engines insists that 12...h6 is cirtical, where indeed white has to prove that his attack on the kingside is real. White has numerous tries, with 13 e5 followed by 14 Qe4 as the most obvious.} Be7 13. e5 Nd5 14. axb5 $146 ({Black's idea is that after} 14. Nxd5 cxd5 15. Bxa5 b4 {his compensation for the exchange is obvious. The computer claims that after} 16. Bxb6 Qxb6 17. a5 $1 Qa7 18. b3 $1 {white still has hopes for an edge, but obviously he is also riunning strategic risk, and has a much version of the exchange sacrifice than in the game.}) ({RR} 14. Nxd5 cxd5 15. Bxa5 b4 16. Bxb6 Qxb6 17. a5 Qa7 18. h4 Nc6 19. Qd2 Nxa5 20. h5 h6 21. g4 Qb6 22. Qe3 Bd7 23. Rfe1 Rc8 24. g5 hxg5 25. Nxg5 Nb3 26. Rad1 c3 27. h6 gxh6 28. Nh3 c2 {Sevian,S (2684)-Mamedyarov,S (2767) Chess.com INT 2022 1-0 (55)}) 14... cxb5 $6 {With hindsight a bad decision, but the kind of decision, if your opponent was not Magnus, perhaps would have won you the game. Mamedyarov insists on sacrificing the exchange, and leaves white no option, but to accept.} (14... Nb4 $5 {was the computers way of doing it, with} 15. Qe4 cxb5 16. Qg4 f5 $5 {being the plan with an unclear position evaluated as equal by the machines.}) 15. Nxd5 exd5 16. Bxa5 Nc6 17. Bxb6 Qxb6 {Black's compensation is very visible. White has a weak pawn on d4, which black is set up well to attack, with ...Bg4 being next, undermining the vital defender. As well ...b4 will almost quarantee that black gets a passed pawn on the queen side, and add to that the pair of bishop the compensation does indeed seem more than sufficient.} 18. Ra8 $1 {This game is decided at move 18 & 19, and when Mamedyarov talks about Magnus playing like a computer, it can be boiled down to this sequence where he understands the position better than his opponent. The general factors in the postion, as described previously are noit unfavorubale for black, so white need to catch black when he is still unbalanced. Mamedyarov continiues making logical moves, but the position, despite perhaps looking to have slowed down after a tactical sequence hangs on very concrete specifics. That urgency also was required by white is illustrated that by 18 h3, preventing ...Bg4 then after 18...Be6 black already has a pleasant position.} h6 $2 {A very logical move.} (18... Be6 {allows} 19. Rxf8+ Bxf8 20. Ng5 {attacking both mate on h7, as well as the bishop on e6. Mamedyarov most likely stopped his calculations here, but after} g6 {black's position is actually fine, as white has no consequent follow-up, meaning the pawn on d4 will fall.}) ({Similarly} 18... b4 {intending to follow with ...b3! fixing the pawn structure just in time also would have given black decent counterplay.}) 19. Rfa1 {A good move, and if 19 Rxc8!? Rxc8 20 Qf5 followed by 21 e6 was even better is more of a philosophical question, as both leaves white with a considerable edge.} (19. Rxc8 $5 Rxc8 20. Qf5 {[%cal Ge5e6]}) 19... Be6 $2 {Another very logical looking move, whereafter however the position is completely lost!} ({The absolutely last chance was to play} 19... b4 {intending 20...b3, exploiting that} 20. b3 Nxd4 $1 {is possible with} 21. Nxd4 Qxd4 22. Rd1 Bf5 $1 {being the point.}) 20. Qd1 $1 {As innocent looking as it gets, but crushing. White coordinated his defences, and managed to double in the a-line before retreating his queen.} b4 {Forces events, but as white is in time with his defence, it just makes things worse from blacks perspective. But black has no reasonable other moves. He has to keep attacking d4, as else white regroups with Ne1-c2.} 21. b3 $1 c3 22. R8a6 $1 {Forcing the queen away from attacking d4.} Qc7 23. Ne1 $1 {2 key aims have been acheived: Black's passed pawn is solidly blocked, and the knight was released of its defensive duties, and can now re-route towards e3.} f6 $6 {Making things worse, but black's position was beyond repair anyway.} 24. Nd3 $1 fxe5 25. Nxe5 Nxe5 26. Rxe6 $1 c2 27. Qe1 {And as 27...Nd3 28 Rxe7 wins easily Mamedyarov resigned.} (27. Qe1 Nd3 28. Rxe7 $18) 1-0

[Event "NOR-UKR Solidarity m"]
[Site "Tornelo INT"]
[Date "2022.04.23"]
[Round "3.3"]
[White "Kuzubov, Yuriy"]
[Black "Carlsen, Magnus"]
[Result "1-0"]
[WhiteElo "2639"]
[BlackElo "2864"]
[PlyCount "81"]
[EventDate "2022.04.23"]
[EventType "team-match"]
[EventRounds "4"]
[EventCountry "UKR"]
[SourceTitle "CBM 207 Extra"]
[Source "ChessBase"]
[SourceDate "2022.05.31"]
[SourceVersion "1"]
[SourceVersionDate "2022.05.31"]
[SourceQuality "1"]
[WhiteTeam "Ukraine"]
[BlackTeam "Norway"]
[WhiteTeamCountry "UKR"]
[BlackTeamCountry "NOR"]

1. d4 d5 2. c4 c6 3. e3 Bf5 4. Nc3 e6 5. Nge2 Nf6 6. Ng3 Bg6 7. Bd3 Nbd7 ({RR} 7... Bxd3 8. Qxd3 Nbd7 9. cxd5 exd5 10. O-O Be7 11. Nf5 O-O 12. Bd2 Re8 13. f3 c5 14. Rae1 Bf8 15. g4 g6 16. Ng3 Bd6 17. Kg2 cxd4 18. exd4 Nf8 19. g5 Bxg3 20. hxg3 Rxe1 21. Rxe1 Ne8 22. Rxe8 {Gyokbulut,J (1923)-Buyuk,E (1931) Gaziantep TUR 2024 1-0 (57)}) 8. O-O Bd6 $146 ({RR} 8... Be7 9. cxd5 cxd5 10. Bxg6 hxg6 11. Qd3 Rc8 12. Bd2 a6 13. Rac1 O-O 14. Rc2 Nb6 15. b3 Ba3 16. Nb1 Rxc2 17. Qxc2 Bd6 18. Rc1 Ng4 19. Nf1 Qh4 20. g3 Qf6 21. Be1 g5 22. Qe2 Nh6 23. Kg2 {Kuzubov,Y (2643)-Holt,C (2549) Chess.com INT 2020 0-1 (62)}) 9. Re1 Bxd3 10. Qxd3 Qa5 11. cxd5 cxd5 12. Bd2 O-O 13. Nb5 Qa6 14. a4 Rfc8 15. f3 b6 16. e4 Bf8 17. e5 Ne8 18. f4 g6 19. h4 Qb7 20. h5 a6 21. Nc3 Ng7 22. h6 Ne8 23. f5 exf5 24. Nxf5 gxf5 25. Qxf5 Rc6 26. Rf1 Nb8 27. Nxd5 Rg6 28. Nf4 Bxh6 29. Nxg6 hxg6 30. Qg4 Bxd2 31. e6 f6 32. Qxg6+ Ng7 33. Ra3 Qd5 34. Qf7+ Kh7 35. Rh3+ Bh6 36. Qxf6 Nh5 37. Qf7+ Ng7 38. Rf6 Qxd4+ 39. Kh1 Qd1+ 40. Kh2 Qd6+ 41. Rg3 1-0

[Event "NOR-UKR Solidarity m"]
[Site "Tornelo INT"]
[Date "2022.04.23"]
[Round "4.2"]
[White "Carlsen, Magnus"]
[Black "Shevchenko, Kirill"]
[Result "0-1"]
[WhiteElo "2864"]
[BlackElo "2652"]
[PlyCount "46"]
[EventDate "2022.04.23"]
[EventType "team-match"]
[EventRounds "4"]
[EventCountry "UKR"]
[SourceTitle "CBM 207 Extra"]
[Source "ChessBase"]
[SourceDate "2022.05.31"]
[SourceVersion "1"]
[SourceVersionDate "2022.05.31"]
[SourceQuality "1"]
[WhiteTeam "Norway"]
[BlackTeam "Ukraine"]
[WhiteTeamCountry "NOR"]
[BlackTeamCountry "UKR"]

1. d4 Nf6 2. c4 c6 3. Bf4 Qb6 4. Qd2 Ne4 5. Qc2 d5 6. e3 Bf5 7. Bd3 dxc4 8. Bxe4 Bxe4 9. Qxe4 Qxb2 10. Bxb8 $146 ({RR} 10. Ne2 Qxa1 11. Qc2 e5 ({RR} 11... Na6 12. O-O Nb4 13. Qxc4 e6 14. a3 Qa2 15. Qxa2 Nxa2 16. Rd1 a5 17. Rd2 Nb4 18. axb4 axb4 19. Nc1 Be7 20. Rc2 g5 21. Bg3 Kd7 22. Nd2 Ra3 23. Kf1 Rha8 24. Ke2 h5 25. Nc4 h4 26. Be5) 12. O-O exf4 13. Nbc3 Qxf1+ 14. Kxf1 fxe3 15. Qe4+ Be7 16. d5 cxd5 17. Nxd5 Nc6 18. Nd4 Kd7 19. Nxc6 Kxc6 20. Nxe7+ Kc5 21. Qd5+ Kb4 22. Qxb7+ Ka3 23. Qa6+ Kb2 24. Qxc4 Rhd8 {Duda,J (2729)-Stribuk,A (2486) chess.com INT 2025 1-0}) 10... Qc1+ 11. Ke2 Rxb8 12. Nf3 Qxh1 13. Qe5 Rd8 14. Ne1 h5 15. Nc3 Rh6 16. Rb1 b6 17. h3 Re6 18. Qc7 g6 19. Qg3 h4 20. Qxh4 Qh2 21. g3 Bg7 22. Nf3 Qg2 23. Qh7 Rf6 0-1

[Event "Norway Chess 10th"]
[Site "Stavanger"]
[Date "2022.06.01"]
[Round "2"]
[White "So, Wesley"]
[Black "Carlsen, Magnus"]
[Result "1/2-1/2"]
[WhiteElo "2776"]
[BlackElo "2864"]
[PlyCount "75"]
[EventDate "2022.05.31"]
[EventType "tourn"]
[EventRounds "9"]
[EventCountry "NOR"]
[EventCategory "21"]
[SourceTitle "CBM 209"]
[Source "ChessBase"]
[SourceDate "2022.08.31"]
[SourceVersion "1"]
[SourceVersionDate "2022.08.31"]
[SourceQuality "1"]

1. d4 d5 2. c4 c6 3. Nf3 Nf6 4. Nc3 e6 5. e3 Nbd7 6. Qc2 Bd6 7. Bd3 O-O 8. O-O h6 9. b3 e5 10. cxd5 Nxd5 11. Nxd5 cxd5 12. dxe5 Nxe5 13. Nxe5 Bxe5 14. Bb2 Qf6 15. Bxe5 Qxe5 16. Rac1 Bd7 17. Qc7 Qxc7 18. Rxc7 Bc6 19. Rc1 $146 ({RR} 19. b4 Rac8 20. Rxc8 Rxc8 21. Rc1 Bd7 22. Rxc8+ Bxc8 23. Kf1 Kf8 24. Ke2 Ke7 25. Bb5 a6 26. Ba4 b5 27. Bb3 Bb7 28. Kd3 f6 29. Kd4 Kd6 30. h4 g5 31. h5 Bc6 32. a3 Bb7 33. Bc2 Bc8 {Demir,B (2099)-Avci,A (1844) Konya 2016 ½-½ (43)}) 19... Rfc8 20. Rxc8+ Rxc8 21. Kf1 Kf8 22. Ke2 Bd7 23. Rxc8+ Bxc8 24. Kd2 Ke7 25. Kc3 Kd6 26. b4 b6 27. Kd4 a5 28. b5 Bd7 29. a4 Bc8 30. f4 f6 31. f5 Bb7 32. g3 Bc8 33. Bc2 Bd7 34. g4 Bc8 35. Bb3 Bb7 36. Ba2 Ba8 37. Bb3 Bb7 38. Ba2 1/2-1/2

[Event "Norway Chess 10th"]
[Site "Stavanger"]
[Date "2022.06.03"]
[Round "4"]
[White "Carlsen, Magnus"]
[Black "Giri, Anish"]
[Result "1-0"]
[WhiteElo "2864"]
[BlackElo "2761"]
[PlyCount "67"]
[EventDate "2022.05.31"]
[EventType "tourn"]
[EventRounds "9"]
[EventCountry "NOR"]
[EventCategory "21"]
[SourceTitle "CBM 209"]
[Source "ChessBase"]
[SourceDate "2022.08.31"]
[SourceVersion "1"]
[SourceVersionDate "2022.08.31"]
[SourceQuality "1"]

1. d4 Nf6 2. c4 e6 3. Nf3 d5 4. Nc3 c5 5. cxd5 cxd4 6. Qxd4 exd5 7. Bg5 Be7 8. e3 O-O 9. Be2 Nc6 10. Qd3 h6 11. Bh4 Be6 12. O-O Qb6 13. Bxf6 Bxf6 14. Nxd5 Bxd5 15. Qxd5 Qxb2 16. Bc4 Qxa1 $146 ({RR} 16... Qa3 17. Rad1 Na5 18. Bd3 g6 19. Bxg6 Rad8 20. Qh5 fxg6 21. Qxg6+ Bg7 22. Qe6+ Kh7 23. Qe4+ Kg8 24. Qe6+ Kh7 25. Qe4+ Kg8 {½-½ (25) Berkes,F (2613)-Csonka,B (2479) Nova Gorica SLO 2024}) ({RR} 16... Rad8 17. Qf5 Qb4 18. Rac1 Qa5 19. Qb1 Rd7 20. Rfd1 Rfd8 21. Rxd7 Rxd7 22. g3 Ne5 23. Nxe5 Qxe5 24. Bb3 Rc7 25. Rd1 Qe7 26. Qf5 Kh8 27. Qf4 Kh7 28. Rd5 g6 29. h4 h5 30. g4 hxg4 31. h5 {Dai,C (2557)-Huang,R (2487) Beijing CHN 2025 ½-½ (34)}) 17. Rxa1 Bxa1 18. g4 Rae8 19. h4 Re7 20. g5 hxg5 21. Nxg5 Bf6 22. Qf5 Bxg5 23. hxg5 Re5 24. Qf4 Rc5 25. g6 Ne5 26. gxf7+ Nxf7 27. Be6 Rh5 28. Qc7 g5 29. Qxb7 Rh6 30. Bb3 g4 31. Qxa7 Kg7 32. e4 Rh5 33. Qc7 Kf6 34. a4 1-0

[Event "Norway Chess 10th"]
[Site "Stavanger"]
[Date "2022.06.09"]
[Round "8"]
[White "Carlsen, Magnus"]
[Black "Vachier Lagrave, Maxime"]
[Result "1/2-1/2"]
[WhiteElo "2864"]
[BlackElo "2750"]
[PlyCount "157"]
[EventDate "2022.05.31"]
[EventType "tourn"]
[EventRounds "9"]
[EventCountry "NOR"]
[EventCategory "21"]
[SourceTitle "CBM 209"]
[Source "ChessBase"]
[SourceDate "2022.08.31"]
[SourceVersion "1"]
[SourceVersionDate "2022.08.31"]
[SourceQuality "1"]

1. d4 Nf6 2. c4 g6 3. Nc3 d5 4. cxd5 Nxd5 5. e4 Nxc3 6. bxc3 Bg7 7. Bb5+ c6 8. Ba4 b5 9. Bb3 a5 10. Nf3 O-O 11. O-O a4 12. Bc2 c5 13. Rb1 Bg4 ({RR} 13... Nc6 14. e5 Rb8 15. Be4 Bf5 16. Bxf5 gxf5 17. Qd3 Qd7 18. Rd1 Rfd8 19. Bf4 cxd4 20. cxd4 e6 21. Bg5 Rdc8 22. Qe3 Ne7 23. Bf6 h6 24. Qf4 Ng6 25. Qg3 Kh7 26. d5 exd5 27. Rb4 Rc4 28. Rxc4 {Carlsen,M (2864)-Vachier Lagrave,M (2750) Stavanger 2022 1-0 (54)}) 14. e5 $146 ({RR} 14. Rxb5 Bxf3 15. Qxf3 cxd4 16. cxd4 Nc6 17. Be3 Nxd4 18. Bxd4 Qxd4 19. a3 Rfd8 20. Rb4 Qd2 21. Rc4 Rd4 22. Rxd4 Bxd4 23. e5 Ra5 24. e6 fxe6 25. Bd3 Bf6 26. Bc4 Kg7 27. Bxe6 Re5 28. Bc4 Qc2 {Moroni,L (2588)-Deac,B (2679) Chess.com INT 2022 ½-½ (83)}) 14... Nc6 15. Be4 Rc8 16. h3 Bxf3 17. Qxf3 Qd7 18. Bd3 cxd4 19. Bxb5 dxc3 20. Qxc3 Qd5 21. Bxa4 Qxa2 22. Ra1 Nxe5 23. Rxa2 Rxc3 24. Bd2 Rcc8 25. Bb5 Rc5 26. Be2 Nc6 27. Rc1 Rxc1+ 28. Bxc1 Rb8 29. Be3 Bd4 30. Bh6 Bg7 31. Be3 h5 32. g3 e6 33. Kg2 Nb4 34. Rd2 Nd5 35. Rd3 Nxe3+ 36. Rxe3 Bd4 37. Rd3 e5 38. Rd2 Kg7 39. h4 Kh6 40. f4 Be3 41. Rd7 exf4 42. gxf4 f5 43. Kf3 Bc1 44. Bc4 Rc8 45. Bf7 Rc3+ 46. Kg2 Bxf4 47. Bg8 g5 48. Be6 Kg6 49. Rd5 g4 50. Bxf5+ Kf6 51. Bh7 Be5 52. Bg6 g3 53. Ra5 Rc4 54. Ra6+ Kg7 55. Bxh5 Rxh4 56. Rg6+ Kh7 57. Rg5 Rh2+ 58. Kf3 Rf2+ 59. Kg4 Bf4 60. Rg6 Rf1 61. Kf5 Bg5+ 62. Ke4 Rf4+ 63. Kd3 Rf5 64. Ke4 Rf4+ 65. Kd3 Bh4 66. Re6 g2 67. Rg6 Rf5 68. Rxg2 Rxh5 69. Ke4 Bf6 70. Kf4 Bg7 71. Ke4 Kg8 72. Rg6 Kf7 73. Ra6 Bf6 74. Ra8 Rh4+ 75. Kf5 Rh5+ 76. Ke4 Rb5 77. Kf4 Be5+ 78. Ke4 Bd6 79. Rh8 1/2-1/2

[Event "Olympiad-44"]
[Site "Chennai"]
[Date "2022.08.02"]
[Round "5.1"]
[White "Bwalya, Gillan"]
[Black "Carlsen, Magnus"]
[Result "0-1"]
[WhiteElo "2396"]
[BlackElo "2864"]
[PlyCount "52"]
[EventDate "2022.07.29"]
[EventType "team-swiss"]
[EventRounds "11"]
[EventCountry "IND"]
[SourceTitle "EXT 2023"]
[Source "ChessBase"]
[SourceDate "2022.10.05"]
[SourceVersion "1"]
[SourceVersionDate "2022.10.05"]
[SourceQuality "1"]
[WhiteTeam "Zambia"]
[BlackTeam "Norway"]
[WhiteTeamCountry "ZAM"]
[BlackTeamCountry "NOR"]

1. d4 Nf6 2. c4 e6 3. Nc3 d5 4. Nf3 Bb4 5. e3 O-O 6. a3 Bxc3+ 7. bxc3 c5 8. Bd3 dxc4 9. Bxc4 Qc7 10. Nd2 ({RR} 10. Ba2 b5 11. O-O Bb7 12. Re1 Nbd7 13. Bb2 Nb6 14. Qe2 a6 15. c4 Nxc4 16. Bxc4 bxc4 17. dxc5 Qxc5 18. Rac1 Rac8 19. Ne5 c3 20. Rxc3 Qd5 21. f3 Rxc3 22. Bxc3 Rc8 23. Qb2 Qb5 24. Rb1 Rxc3 {Korobov,A (2687)-Leko,P (2674) Hengshui 2019 0-1}) ({RR} 10. Ba2 Nbd7 11. O-O b6 12. Bb2 Bb7 13. c4 cxd4 14. exd4 Rfd8 15. Qe2 Nf8 16. Rac1 Ng6 17. Rc2 Be4 18. Rcc1 Nf4 19. Qe3 Nd3 20. Rb1 Nxb2 21. Rxb2 Qb7 22. Ne1 Rac8 23. f3 Bg6 24. Nc2 Qd7 {Cezar,R (1702)-Gomes,G (1879) Florianopolis 2021 0-1 (42)}) 10... Nc6 11. O-O $146 ({RR} 11. a4 cxd4 12. cxd4 e5 13. d5 Na5 14. Ba3 Nxc4 15. Rc1 Rd8 16. Rxc4 Qd7 17. d6 Ne8 18. Qh5 Nxd6 19. Rh4 h6 20. Qe2 b6 21. Rb4 Nf5 22. Nc4 Ba6 23. O-O Nd6 24. Rd1 Qc7 {0-1 (24) Popovich,S (2285)-Moiseenko,A (2419) Alushta 1999}) 11... Rd8 12. f4 Nd5 13. Bxd5 exd5 14. Qh5 cxd4 15. cxd4 Ne7 16. Nf3 Bf5 17. Bd2 f6 18. Nh4 Be4 19. f5 Rac8 20. Bb4 a5 21. Bxe7 Qxe7 22. Rf4 Rc3 23. Re1 Qxa3 24. Rg4 Rc1 25. Rxc1 Qxe3+ 26. Kf1 Bd3# 0-1

[Event "Olympiad-44"]
[Site "Chennai"]
[Date "2022.08.05"]
[Round "7.1"]
[White "Carlsen, Magnus"]
[Black "Stanojoski, Zvonko"]
[Result "1-0"]
[WhiteElo "2864"]
[BlackElo "2412"]
[PlyCount "137"]
[EventDate "2022.07.29"]
[EventType "team-swiss"]
[EventRounds "11"]
[EventCountry "IND"]
[SourceTitle "EXT 2023"]
[Source "ChessBase"]
[SourceDate "2022.10.05"]
[SourceVersion "1"]
[SourceVersionDate "2022.10.05"]
[SourceQuality "1"]
[WhiteTeam "Norway"]
[BlackTeam "North Macedonia"]
[WhiteTeamCountry "NOR"]
[BlackTeamCountry "MKD"]

1. d4 d5 2. Bf4 e6 3. e3 Nf6 4. Nf3 Bd6 5. Nbd2 Bxf4 6. exf4 c5 7. dxc5 Qc7 8. g3 Qxc5 9. Bd3 ({RR} 9. c3 Nc6 10. Bd3 O-O 11. O-O a5 12. Nb3 Qd6 13. Nbd4 b6 14. Re1 Ba6 15. Bc2 Nxd4 16. Nxd4 Rfe8 17. a4 Rad8 18. Qf3 g6 19. h4 Kg7 20. Re3 Bb7 21. Rae1 Ne4 22. h5 Qe7 23. Bd3 Qf6 {Kamsky,G (2663)-Postny,E (2544) chess.com INT 2023 1-0 (39)}) 9... Qb6 ({RR} 9... O-O 10. O-O Nbd7 11. Qe2 Qc7 12. c3 Nc5 13. Bc2 b6 14. Rfe1 Ba6 15. Qe3 Nb7 16. Nd4 Nd6 17. Qf3 Rfe8 18. Rad1 Rac8 19. g4 Bb7 20. Qd3 g6 21. Qh3 Nc4 22. Nxc4 dxc4 23. Qg3 Nd5 24. Be4 {Janaszak,D (2282)-Olejarczyk,R (2087) Lublin POL 2025 1-0 (62)}) 10. Nb3 $146 ({RR} 10. Rb1 Nc6 11. c3 O-O 12. O-O Rd8 13. Re1 a5 14. Qe2 d4 15. c4 Nb4 16. Ne4 Nxd3 17. Qxd3 Nd7 18. Nxd4 Nc5 19. Nxc5 Qxc5 20. Rbd1 b5 21. Nb3 Rxd3 22. Nxc5 bxc4 23. Nxd3 cxd3 24. Rxd3 Bb7 {Pino Perez,L (2142)-Garcia Almaguer,J (2090) chess.com INT 2023 0-1 (42)}) 10... O-O 11. O-O Na6 12. c3 Bd7 13. a4 Nc5 14. Nxc5 Qxc5 15. Nd4 a5 16. Re1 Qb6 17. Qc2 Rfe8 18. Re5 Bc6 19. Qe2 Nd7 20. Re3 Nc5 21. Bc2 g6 22. b3 Ne4 23. Rd1 Rac8 24. h4 e5 25. fxe5 Rxe5 26. Qg4 Rce8 27. Rde1 Nf6 28. Qf4 Rxe3 29. Rxe3 Rxe3 30. Qxe3 Qc5 31. Qf4 Nd7 32. Qd2 Ne5 33. Qe3 Qd6 34. h5 Qf6 35. Bd1 Bd7 36. h6 g5 37. Nf3 Ng4 38. Qa7 Qxh6 39. Qxb7 Nf6 40. Qb8+ Kg7 41. Qe5 g4 42. Nd4 Qc1 43. Kg2 h6 44. Bc2 Qd2 45. Bf5 Qg5 46. b4 Bxa4 47. bxa5 Bd1 48. a6 Qc1 49. a7 Qa1 50. Qe7 Bf3+ 51. Nxf3 gxf3+ 52. Kxf3 Qh1+ 53. Ke2 Qh5+ 54. g4 Nxg4 55. a8=Q Ne5+ 56. Ke3 Qxf5 57. Qef8+ Kg6 58. Qa6+ f6 59. Qg8+ Kh5 60. Qe2+ Ng4+ 61. Kd4 Kh4 62. Qxd5 Qf4+ 63. Qde4 Qd6+ 64. Kc4 h5 65. f3 Qa6+ 66. Kb3 Qb6+ 67. Kc2 f5 68. Qh2+ Kg5 69. Qhf4+ 1-0